Porovnanie výsledkov projekčného výpočtu súprúdovej a protiprúdovej trojčlennej odparky

Saved in:
Bibliographic Details
Main Author: Müllerová, Simona (Author)
Other Authors: Timár, Pavel (Thesis advisor)
Format: Manuscript Book
Language:Slovak
Published: 2020
Subjects:
Online Access:http://is.stuba.sk/zp/portal_zp.pl?podrobnosti=151210
Tags: Add Tag
No Tags, Be the first to tag this record!

MARC

LEADER 00000ntm a22000003a 4500
001 stuzp74827
003 SK-STU
005 20200718210337.8
007 ta
008 150427s2015----xo-----f-mn---000-0-slo-d
040 |a STU  |b slo 
041 0 |a slo 
100 1 |a Müllerová, Simona  |u 046230  |4 aut  |U FCHPT Ústav chemického a environmentálneho inžinierstva  |T FCHPT Oddelenie chemického a biochemického inžinierstva  |X 82100  |U C6230  |Y 119  |7 82100 
242 0 1 |a Comparison of Project Calculation Results of Cocurrent and Countercurrent Three Bodies Evaporation Unit  |y eng 
245 1 0 |a Porovnanie výsledkov projekčného výpočtu súprúdovej a protiprúdovej trojčlennej odparky 
260 |c 2020 
650 4 |a vodný roztok NaOH  |2 slo 
650 4 |a trojčlenná odparka  |2 slo 
650 4 |a odparovanie  |2 slo 
650 4 |a water solution of NaOH  |2 eng 
650 4 |a three staged vaporizer  |2 eng 
650 4 |a vaporisation  |2 eng 
700 1 |a Timár, Pavel  |u 046230  |k Z1  |4 ths  |U FCHPT Ústav chemického a environmentálneho inžinierstva  |T FCHPT Oddelenie chemického a biochemického inžinierstva  |X 1772  |U C6230  |Y 119  |7 A000001772 
856 4 |u http://is.stuba.sk/zp/portal_zp.pl?podrobnosti=151210